Super Animal Royale: Dogna's Dart Gun Quiz - Statistics

General Stats
  • This quiz has been taken 20 times
  • The average score is 4 of 5
Answer Stats
Hint Answer % Correct
Colors Gray/White/None/Blank
100%
Blue/Rare
83%
Green/Common
83%
Armor Penetration None
67%
Ammo Special Ammo
25%
No matching quizzes found
Score Distribution
Percent of People with Each Score
Percentile by Number Answered
Your Score History
You have not taken this quiz